000 00691nam a22002417a 4500
001 22400
003 UA-OsUOA
005 20230912095812.0
007 ta
008 20031219b un ||||| |||| 00| 0 ukr d
040 _aUA-OsUOA
_brus
_cUA-OsUOA
_dUA-OsUOA
041 _arus
044 _aRU
080 _a141.81
090 _a141.81
_bУ85
245 _aУтопический социализм
_bхрестоматия
_cобщ. ред. А. И. Володина
260 _aМосква
_bПолитиздат
_c1982
300 _a512 с.
_bил.
650 7 _a1 Філософські науки
_2UDC
700 1 _aВолодин А. И.
_eред.
942 _cBK
_2udc
955 _a1
999 _c308619
_d308619